Name The Underground Rappers - Statistics

General Stats
  • This quiz has been taken 233 times
  • The average score is 33 of 130
Answer Stats
Picture Answer % Correct
Nettspend
98%
Osamason
98%
xaviersobased
95%
Lazer Dim 700
92%
1oneam
82%
Jaydes
81%
Summrs
81%
Che
80%
fakemink
78%
Autumn!
73%
Lucki
73%
2hollis
72%
Nine Vicious
69%
Boolymon
64%
Molly Santana
64%
Prettifun
64%
Protect
63%
2Slimey
60%
Glokk40Spaz
60%
Edward Skeletrix
59%
Kankan
58%
1900Rugrat
56%
Okaymar
53%
BabyTron
52%
YT
50%
Izaya Tiji
49%
iayze
47%
ksuuvi
47%
bleood
45%
Jane Remover
43%
maxon
43%
Brennan Jones
40%
Duwap Kaine
40%
Lil Tony
40%
Nino Paid
40%
ohsxnta
40%
BLP Kosher
39%
Dom Corleo
39%
Yhapojj
39%
Pradabagshawty
37%
Yung Fazo
31%
Skaiwater
30%
K3
28%
Benji Blue Bills
26%
RRoxket
26%
Adamn Killa
24%
rexv2
24%
ApolloRed1
23%
Swapa
23%
Wildkarduno
23%
luracks
22%
ssgkobe
22%
Chuckyy
20%
Fimiguerrero
20%
Bktherula
19%
diorvsyou
19%
elijxhwtf
19%
Hardrock
19%
Smokingskul
19%
xtsy
19%
Percaso
18%
thr33
18%
yuke
18%
1300SAINT
17%
Slimesito
17%
dxrop
16%
untiljapan
15%
lildre556
14%
Lxstk1
14%
perubaby
14%
Tezzus
14%
Goonie
13%
SiyahXO!
13%
Slump6s
13%
SlimeGetEm
11%
echstacy
10%
hollowtiphero
10%
Sk8star
10%
Lil2Posh
9%
pintscored
9%
Rx Papi
9%
BoofPaxkMooky
8%
Devstacks
8%
RXKNephew
8%
Sneak
8%
Southsidesilhouette
8%
2sdxrt3all
7%
Bear1Boss
7%
Marrgielaa
7%
Ronshach
7%
Squillo
7%
Thouxanbanfauni
7%
Fourfive
6%
Thirteendegrees
6%
wokeups
6%
Wolfacejoeyy
6%
Daroobaby
5%
Ja66
5%
Kahleation
5%
Raq Baby
5%
Remilia Bandxz
5%
Rollinthrax
5%
sgpwes
5%
zuro
5%
1600J
4%
Fluhkunxhkos
4%
2xescobar
3%
BandannaSaint
3%
Brezzo
3%
Choppazay
3%
Deathtoricky
3%
jugnino
3%
killjae
3%
kj2ugly
3%
suntf
3%
Xhulooo
3%
Yung Kirk
3%
Caal Vo
2%
Gnarlyflex
2%
hunnitmill
2%
Kynlary
2%
Lumoie
2%
moldhands
2%
Skinnyboi CJ
2%
Bluehunnidkb
1%
Highway
1%
jshxwty
1%
Leakionn
1%
Sosa Gabe
1%
xulticzz
1%
No matching quizzes found
Score Distribution
Percent of People with Each Score
Percentile by Number Answered
Your Score History
You have not taken this quiz